[Event "2nd Gujarat Open 2019"]
[Site "Ahmedabad, Gujarat"]
[Date "2019.09.23"]
[Round "3.25"]
[White "Konguvel, Ponnuswamy"]
[Black "Alan Diviya Raj"]
[Result "0-1"]
[WhiteElo "2374"]
[BlackElo "1943"]
[Annotator "NA"]
[PlyCount "74"]
[EventDate "2019.09.22"]
[EventCountry "IND"]
[SourceTitle "playchess.com"]
[Source "ChessBase"]
[SourceQuality "1"]
[TimeControl "5400+30"]

1. e4 {[%emt 0:00:00]} e5 {[%emt 0:00:00]} 2. Nf3 {[%emt 0:00:00]} Nc6 {[%emt 0:00:00]} 3. Bb5 {[%emt 0:00:19]} Nf6 {[%emt 0:00:00]} 4. O-O {[%emt 0:00:50]} Nxe4 {[%emt 0:00:00]} 5. d4 {[%emt 0:00:33]} Nd6 {[%emt 0:00:05]} 6. Bxc6 {[%emt 0:02:07]} dxc6 {[%emt 0:00:07]} 7. dxe5 {[%emt 0:00:04]} Nf5 {[%emt 0:00:05]} 8. Qxd8+ {[%emt 0:00:04]} Kxd8 {[%emt 0:00:06]} 9. h3 {[%emt 0:00:08]} Be6 {[%emt 0:00:16]} 10. Nc3 {[%emt 0:01:42]} b6 {[%emt 0:00:56]} 11. g4 {[%emt 0:23:51]} Ne7 {[%emt 0:00:18]} 12. Nd4 {[%emt 0:00:18]} Bd7 {[%emt 0:01:34]} 13. Bg5 {[%emt 0:02:37]} Kc8 {[%emt 0:01:15]} 14. e6 {[%emt 0:12:00]} fxe6 {[%emt 0:01:15]} 15. Rfe1 {[%emt 0:00:10]} Nd5 {[%emt 0:07:28]} 16. Nxe6 {[%emt 0:00:15]} Bxe6 {[%emt 0:01:11]} 17. Rxe6 {[%emt 0:00:06]} Nxc3 {[%emt 0:01:59]} 18. bxc3 {[%emt 0:07:24]} Bd6 {[%emt 0:00:47]} 19. Rae1 {[%emt 0:01:38]} Kd7 {[%emt 0:00:13]} 20. f4 {[%emt 0:00:17]} h6 {[%emt 0:06:37]} 21. Bh4 {[%emt 0:02:31]} g5 {[%emt 0:00:06]} 22. Bf2 {[%emt 0:06:02]} gxf4 {[%emt 0:02:39]} 23. Kg2 {[%emt 0:00:21]} Rag8 {[%emt 0:01:20]} 24. Bh4 {[%emt 0:03:35]} Re8 {[%emt 0:35:28]} 25. Rxe8 {[%emt 0:03:31]} Rxe8 {[%emt 0:00:09]} 26. Rxe8 {[%emt 0:00:27]} Kxe8 {[%emt 0:00:05]} 27. Kf3 {[%emt 0:00:01]} Kf7 {[%emt 0:00:09]} 28. Be1 Kg6 {[%emt 0:00:30]} 29. h4 h5 {[%emt 0:00:30]} 30. Bd2 Be7 {[%emt 0:00:30]} 31. g5 Kf5 {[%emt 0:00:30]} 32. Bxf4 Bd8 {[%emt 0:00:30]} 33. c4 c5 {[%emt 0:00:30]} 34. Bg3 a6 {[%emt 0:00:30]} 35. Ke3 c6 {[%emt 0:00:30]} 36. Bd6 Ke6 {[%emt 0:00:30]} 37. Bf8 Bc7 {[%emt 0:00:30]} 0-1

[Event "2nd Gujarat Open 2019"]
[Site "Ahmedabad, Gujarat"]
[Date "2019.09.23"]
[Round "3.26"]
[White "Gokhale, Anupama"]
[Black "Sidhant, Mohapatra"]
[Result "0-1"]
[WhiteElo "1984"]
[BlackElo "2357"]
[Annotator "TA"]
[PlyCount "96"]
[EventDate "2019.09.22"]
[EventCountry "IND"]
[SourceTitle "playchess.com"]
[Source "ChessBase"]
[SourceQuality "1"]

{[%evp 13,96,14,8,3,15,4,26,0,0,0,4,-12,0,0,15,12,24,5,47,50,28,13,25,0,-2,-10,0,-37,0,-18,0,0,7,-3,0,0,0,0,0,0,3,0,0,0,0,0,75,63,91,90,86,85,112,115,116,123,115,81,81,81,78,81,82,61,61,61,68,30,174,86,98,62,89,-422,-422,-495,-450,-421,-313,-619,-462,-12837,-12837,-12841,-12840]} 1. d4 Nf6 2. c4 e6 3. g3 d5 4. Nf3 Bb4+ 5. Nbd2 O-O 6. Bg2 b6 7. O-O Bb7 8. b3 {E16: Queen's Indian: 4 g3 Bb7 5 Bg2 Bb4+} Nbd7 (8... c5 9. Bb2 Nc6 10. cxd5 exd5 11. a3 Bxd2 12. Nxd2 Nxd4 13. Bxd4 cxd4 14. Nf3 Qe7 15. Nxd4 Ne4 {½-½ (30) Giri,A (2779)-Karjakin,S (2748) Riga 2019}) 9. Bb2 Rc8 10. cxd5 {White has an edge.} exd5 11. Ne5 $146 ({Predecessor:} 11. a3 Bd6 12. Nh4 Re8 13. Nf5 Bf8 14. b4 g6 15. Nh4 Bg7 {1-0 (31) El Arousy,A (2310)-Elwany,A (1719) Cairo 2016}) 11... Re8 12. Ndf3 Bd6 13. Bh3 Ra8 14. Rc1 c5 15. Qc2 h6 16. Rfd1 Rc8 17. Qf5 {[%cal Re5d7]} Rc7 18. Qb1 ({Don't blunder} 18. Nxf7 $2 Kxf7 19. e3 (19. dxc5 $2 bxc5 20. e3 Kg8 $19) 19... Kg8 $19) 18... Nf8 19. e3 c4 20. Bg2 {[%cal Rb3c4]} b5 (20... Qc8 $5 {[%cal Rc4c3]} 21. Bc3 Ne4 $17) 21. bxc4 bxc4 22. Bc3 Qa8 23. Bb4 Bxb4 24. Qxb4 Re6 25. Nd2 {[%cal Bf3d2,Bd2b3,Bb3a5][%mdl 32]} Rb6 26. Qc3 Ne6 27. h4 Qe8 28. Qc2 c3 {aiming for ...Rb2.} 29. Nb3 a5 (29... Ne4 $11) 30. Nd3 $1 $16 Ne4 31. Nxa5 Ba6 {And now ...Bxd3 would win.} 32. Nb3 $1 Bc4 33. Bxe4 dxe4 34. Ndc5 $1 Bxb3 35. axb3 Nxc5 36. dxc5 Rxc5 37. Rd4 $1 Qb8 38. Rc4 (38. Qxe4 {is interesting.} Rxb3 39. Qe7 Rc8 40. Rd7 Rf8 41. Rc7) 38... Rxc4 39. bxc4 $14 {[%mdl 4096] Endgame KQR-KQR} Rb3 40. Qxe4 {Hoping for c5.} Qf8 (40... Ra3 $1 $11 {and Black stays safe.}) 41. Qc2 (41. Kg2 $18 {has better winning chances.}) 41... Ra3 $16 42. Rd1 Qa8 {[#]} 43. Qc1 $2 {[%mdl 8192] [#]} (43. Rd5 $1 $16) 43... Qa4 $1 $19 44. Kg2 c2 45. Rd2 Rc3 46. Rd4 $2 (46. Kf1) 46... Rxc4 {Black is clearly winning.} 47. Rxc4 (47. Rd8+ $142 Kh7 48. Rd2) 47... Qxc4 48. Kf3 Qd3 {Accuracy: White = 42%, Black = 43%.} 0-1

[Event "2nd Gujarat Open 2019"]
[Site "Ahmedabad, Gujarat"]
[Date "2019.09.23"]
[Round "3.27"]
[White "Souhardo Basak"]
[Black "Sawant, Akshay"]
[Result "1/2-1/2"]
[WhiteElo "2301"]
[BlackElo "1761"]
[Annotator "TA"]
[PlyCount "48"]
[EventDate "2019.09.22"]
[EventCountry "IND"]
[SourceTitle "playchess.com"]
[Source "ChessBase"]
[SourceQuality "1"]

{[%evp 19,48,-27,8,0,18,-4,-2,-3,0,0,0,0,-11,-8,-22,0,15,15,13,12,9,20,14,-10,16,8,9,8,9,0,0]} 1. e4 c5 2. Nf3 e6 3. d4 cxd4 4. Nxd4 Nc6 5. Nc3 Qc7 6. Be3 a6 7. Be2 Nf6 8. a3 b5 9. O-O Bb7 10. f4 d6 (10... Bc5 $5 {[%cal Rc7b6]} 11. Qd3 b4 $11) 11. Nxc6 {The position is equal. B49: Sicilian: Taimanov: 5 Nc3 Qc7 6 Be3 a6 7 Be2} (11. Bf3 Be7 12. f5 Nxd4 13. Qxd4 O-O 14. fxe6 fxe6 15. Rad1 Nd7 16. Bg4 Nc5 17. b4 e5 18. Nd5 Rxf1+ 19. Rxf1 {1-0 (63) Savchenko,B (2602)-Dubov,D (2624) Moscow 2013}) 11... Bxc6 12. Bf3 Be7 13. Qe1 a5 14. Qg3 O-O 15. e5 Nd7 {[%cal Rd6e5]} 16. exd6 (16. f5 {is interesting.} exf5 17. Bh6 g6 18. Bxc6 Qxc6 19. Bxf8 Rxf8 20. Rad1) 16... Bxd6 17. Rad1 $40 {[%mdl 128] White is up to no good.} Bc5 18. Bxc5 Nxc5 19. Bxc6 Qxc6 20. f5 $146 exf5 21. Rd6 Qb7 22. Rxf5 Ne4 23. Nxe4 Qxe4 24. Rxb5 Qxc2 1/2-1/2

[Event "2nd Gujarat Open 2019"]
[Site "Ahmedabad, Gujarat"]
[Date "2019.09.23"]
[Round "3.28"]
[White "Shailesh, Dravid"]
[Black "Potawad Anirudhha"]
[Result "1-0"]
[WhiteElo "2299"]
[BlackElo "1914"]
[Annotator "NA"]
[PlyCount "48"]
[EventDate "2019.09.22"]
[EventCountry "IND"]
[SourceTitle "playchess.com"]
[Source "ChessBase"]
[SourceQuality "1"]
[TimeControl "5400+30"]

1. d4 {[%emt 0:00:00]} Nf6 {[%emt 0:00:28]} 2. c4 {[%emt 0:00:31]} e6 {[%emt 0:00:34]} 3. Nf3 {[%emt 0:00:06]} d5 {[%emt 0:00:50]} 4. Nc3 {[%emt 0:00:46]} Be7 {[%emt 0:01:35]} 5. g3 {[%emt 0:02:09]} c5 {[%emt 0:02:47]} 6. cxd5 {[%emt 0:01:15]} exd5 {[%emt 0:01:24]} 7. Bg2 {[%emt 0:00:08]} h6 {[%emt 0:02:12]} 8. O-O {[%emt 0:01:24]} O-O {[%emt 0:00:14]} 9. dxc5 {[%emt 0:01:44]} Bxc5 {[%emt 0:00:20]} 10. Na4 {[%emt 0:00:40]} Be7 {[%emt 0:06:03]} 11. Be3 {[%emt 0:00:27]} Nc6 {[%emt 0:00:32]} 12. Rc1 {[%emt 0:00:17]} Ne4 {[%emt 0:06:48]} 13. Nd4 {[%emt 0:02:35]} Bd7 {[%emt 0:06:13]} 14. Nc3 {[%emt 0:00:56]} Nxc3 {[%emt 0:03:13]} 15. Rxc3 {[%emt 0:00:19]} Nxd4 {[%emt 0:03:37]} 16. Bxd4 {[%emt 0:00:08]} Bc6 {[%emt 0:02:05]} 17. Qd3 {[%emt 0:01:26]} Qd7 {[%emt 0:04:56]} 18. Rd1 {[%emt 0:03:14]} Rfd8 {[%emt 0:05:36]} 19. Qb1 {[%emt 0:04:27]} b6 {[%emt 0:07:20]} 20. h4 {[%emt 0:06:35]} Rac8 {[%emt 0:02:23]} 21. Kh2 {[%emt 0:00:31]} Qd6 {[%emt 0:02:01]} 22. Qf5 {[%emt 0:03:27]} Bf8 {[%emt 0:09:09]} 23. h5 {[%emt 0:06:24]} Re8 {[%emt 0:06:54]} 24. Rdc1 {[%emt 0:05:37]} Bd7 {[%emt 0:00:54]} 1-0

[Event "2nd Gujarat Open 2019"]
[Site "Ahmedabad, Gujarat"]
[Date "2019.09.23"]
[Round "3.29"]
[White "Arun Rathee"]
[Black "Nikhil Magizhnan"]
[Result "1/2-1/2"]
[WhiteElo "1959"]
[BlackElo "2251"]
[Annotator "NA"]
[PlyCount "32"]
[EventDate "2019.09.22"]
[EventCountry "IND"]
[SourceTitle "playchess.com"]
[Source "ChessBase"]
[SourceQuality "1"]
[TimeControl "5400+30"]

1. Nf3 {[%emt 0:00:00]} f5 {[%emt 0:00:32]} 2. d3 {[%emt 0:01:27]} Nf6 {[%emt 0:00:26]} 3. e4 {[%emt 0:00:24]} d6 {[%emt 0:00:35]} 4. Nc3 {[%emt 0:00:55]} g6 {[%emt 0:24:39]} 5. exf5 {[%emt 0:16:37]} Bxf5 {[%emt 0:02:11]} 6. d4 {[%emt 0:02:39]} Bg7 {[%emt 0:03:42]} 7. Be2 {[%emt 0:08:49]} O-O {[%emt 0:03:20]} 8. O-O {[%emt 0:00:10]} Kh8 {[%emt 0:01:39]} 9. Bg5 {[%emt 0:07:12]} c6 {[%emt 0:16:07]} 10. Re1 {[%emt 0:06:01]} Qc7 {[%emt 0:02:39]} 11. Bd3 {[%emt 0:04:09]} Bxd3 {[%emt 0:05:04]} 12. Qxd3 {[%emt 0:00:22]} Na6 {[%emt 0:01:06]} 13. a3 {[%emt 0:01:20]} Rae8 {[%emt 0:00:32]} 14. Rad1 {[%emt 0:03:27]} Qd7 {[%emt 0:34:28]} 15. Re2 {[%emt 0:43:58]} Nc7 {[%emt 0:03:35]} 16. Rde1 {[%emt 0:01:21]} Rf7 {[%emt 0:03:18]} 1/2-1/2

[Event "2nd Gujarat Open 2019"]
[Site "Ahmedabad, Gujarat"]
[Date "2019.09.23"]
[Round "3.30"]
[White "Patil, Pratik"]
[Black "Patel Riddhi R"]
[Result "1-0"]
[WhiteElo "2187"]
[BlackElo "1485"]
[Annotator "NA"]
[PlyCount "46"]
[EventDate "2019.09.22"]
[EventCountry "IND"]
[SourceTitle "playchess.com"]
[Source "ChessBase"]
[SourceQuality "1"]
[TimeControl "5400+30"]

1. e4 {[%emt 0:00:00]} c5 {[%emt 0:00:00]} 2. c3 {[%emt 0:00:00]} d5 {[%emt 0:00:00]} 3. exd5 {[%emt 0:00:00]} Qxd5 {[%emt 0:00:07]} 4. d4 {[%emt 0:00:00]} Nc6 {[%emt 0:00:15]} 5. Nf3 {[%emt 0:00:00]} Nf6 {[%emt 0:00:26]} 6. Be2 {[%emt 0:05:53]} e6 {[%emt 0:00:51]} 7. O-O {[%emt 0:00:33]} cxd4 {[%emt 0:01:55]} 8. cxd4 {[%emt 0:00:05]} Be7 {[%emt 0:00:25]} 9. Nc3 {[%emt 0:00:12]} Qd6 {[%emt 0:04:01]} 10. a3 {[%emt 0:01:17]} O-O {[%emt 0:02:10]} 11. h3 {[%emt 0:01:33]} a6 {[%emt 0:11:30]} 12. Be3 {[%emt 0:00:32]} Nd5 {[%emt 0:03:34]} 13. Nxd5 {[%emt 0:02:54]} Qxd5 {[%emt 0:01:03]} 14. Rc1 {[%emt 0:00:33]} Rd8 {[%emt 0:05:01]} 15. Bc4 {[%emt 0:01:06]} Qd6 {[%emt 0:00:39]} 16. Qe2 {[%emt 0:04:39]} Bf6 {[%emt 0:04:14]} 17. Rfd1 {[%emt 0:01:01]} Ne7 {[%emt 0:09:28]} 18. Ng5 {[%emt 0:03:03]} Bxg5 {[%emt 0:01:56]} 19. Bxg5 {[%emt 0:01:52]} f6 {[%emt 0:04:53]} 20. Bd2 {[%emt 0:05:05]} Nd5 {[%emt 0:08:27]} 21. Re1 {[%emt 0:19:14]} b5 {[%emt 0:06:37]} 22. Bxd5 {[%emt 0:14:40]} Qxd5 {[%emt 0:00:42]} 23. Ba5 {[%emt 0:00:01]} Re8 {[%emt 0:01:46]} 1-0

[Event "2nd Gujarat Open 2019"]
[Site "Ahmedabad, Gujarat"]
[Date "2019.09.23"]
[Round "3.31"]
[White "Manush Shah"]
[Black "Jain Adi"]
[Result "0-1"]
[WhiteElo "2352"]
[BlackElo "1675"]
[Annotator "TA"]
[PlyCount "85"]
[EventDate "2019.09.22"]
[EventCountry "IND"]
[SourceTitle "playchess.com"]
[Source "ChessBase"]
[SourceQuality "1"]

{[%evp 9,85,24,15,1,27,-14,-17,-25,-25,-172,-177,-165,-175,-154,-174,-171,-178,-218,-150,-155,-152,-142,-122,-144,-160,-197,-219,-405,-403,-466,-454,-450,-348,-370,-303,-457,-460,-448,-447,-433,-433,-600,-592,-588,-584,-598,-554,-530,-532,-516,-533,-510,-488,-576,-558,-571,-578,-587,-581,-587,-573,-585,-580,-584,-572,-589,-586,-566,-523,-502,-513,-556,-546,-537,-530,-593,-502,-466]} 1. e4 e5 2. Nf3 Nc6 3. g3 f5 (3... Nf6 4. d3 Bc5 5. Bg2 d6 6. c3 a6 7. O-O h6 8. a4 a5 9. Na3 O-O 10. Nc2 Ba7 11. h3 Be6 12. Be3 Bxe3 13. Nxe3 Qd7 {½-½ (83) Zvjaginsev,V (2644)-Kovalev,V (2661) Qingdao 2019}) 4. d4 fxe4 5. Nxe5 Nf6 6. Bg2 {C44: Ponziani Opening and Scotch Gambit} d5 7. Nc3 Bd6 8. Bg5 {The position is equal.} O-O 9. Nxd5 (9. O-O $11 {and White stays safe.}) 9... Bxe5 $19 ({Worse is} 9... Nxe5 10. Nxf6+ (10. dxe5 Bxe5 11. Nxf6+ gxf6 $11) 10... gxf6 11. dxe5 $11) 10. dxe5 Qxd5 11. Qxd5+ Nxd5 12. Bxe4 Be6 $146 13. O-O-O Nb6 14. f4 h6 ({Stronger than} 14... Bxa2 15. b3 $11) 15. Bh4 Bf5 ({Weaker is} 15... Bxa2 16. b3 $14) 16. Bg2 Rae8 17. Rhe1 Nb4 18. a3 $2 (18. Be4) 18... Nxc2 19. Re2 Na1 {[%cal Ra1b3] [#]} 20. Re3 a5 21. Bxb7 a4 22. Be4 (22. Bc6 {is the only way for White.}) 22... Nb3+ {Black is clearly winning.} 23. Kc2 {[#] If only White now had time for Bxf5....} g5 $1 24. Bxf5 (24. fxg5 Rxe5) 24... Rxf5 25. g4 Rxf4 26. Bg3 Rxg4 27. e6 Nd4+ 28. Kb1 Nf5 29. Rc3 Nxg3 30. hxg3 Rc4 31. Re3 Re7 32. Ka2 Kg7 33. Rd2 Rc6 34. Rde2 Kf6 35. Rf2+ Kg6 36. Rfe2 Rc4 37. b3 axb3+ 38. Kxb3 Rg4 39. Rc2 h5 40. Rc5 h4 41. gxh4 gxh4 42. Rc2 Kf5 43. Rc5+ {Accuracy: White = 29%, Black = 97%.} 0-1

[Event "2nd Gujarat Open 2019"]
[Site "Ahmedabad, Gujarat"]
[Date "2019.09.23"]
[Round "3.31"]
[White "Kadam Om Manish"]
[Black "Aradhya, Garg"]
[Result "*"]
[WhiteElo "1930"]
[BlackElo "2157"]
[Annotator "NA"]
[PlyCount "85"]
[EventDate "2019.09.22"]
[EventCountry "IND"]
[SourceTitle "playchess.com"]
[Source "ChessBase"]
[SourceQuality "1"]
[TimeControl "5400+30"]

1. e4 {[%emt 0:00:41]} e5 {[%emt 0:00:00]} 2. Nf3 {[%emt 0:00:08]} Nc6 {[%emt 0:00:00]} 3. g3 {[%emt 0:00:07]} f5 {[%emt 0:05:04]} 4. d4 {[%emt 0:13:58]} fxe4 {[%emt 0:00:20]} 5. Nxe5 {[%emt 0:00:28]} Nf6 {[%emt 0:00:08]} 6. Bg2 {[%emt 0:00:33]} d5 {[%emt 0:00:30]} 7. Nc3 {[%emt 0:10:20]} Bd6 {[%emt 0:03:08]} 8. Bg5 {[%emt 0:08:20]} O-O {[%emt 0:00:54]} 9. Nxd5 {[%emt 0:03:50]} Bxe5 {[%emt 0:01:10]} 10. dxe5 {[%emt 0:08:56]} Qxd5 {[%emt 0:00:56]} 11. Qxd5+ {[%emt 0:00:27]} Nxd5 {[%emt 0:00:09]} 12. Bxe4 {[%emt 0:00:04]} Be6 {[%emt 0:01:02]} 13. O-O-O {[%emt 0:00:45]} Nb6 {[%emt 0:00:20]} 14. f4 {[%emt 0:00:40]} h6 {[%emt 0:00:33]} 15. Bh4 {[%emt 0:00:03]} Bf5 {[%emt 0:05:44]} 16. Bg2 {[%emt 0:02:27]} Rae8 {[%emt 0:05:32]} 17. Rhe1 {[%emt 0:03:01]} Nb4 {[%emt 0:04:46]} 18. a3 {[%emt 0:02:45]} Nxc2 {[%emt 0:01:45]} 19. Re2 {[%emt 0:00:04]} Na1 {[%emt 0:00:43]} 20. Re3 {[%emt 0:00:14]} a5 {[%emt 0:05:34]} 21. Bxb7 {[%emt 0:05:18]} a4 {[%emt 0:01:11]} 22. Be4 {[%emt 0:00:55]} Nb3+ {[%emt 0:01:53]} 23. Kc2 {[%emt 0:02:03]} g5 {[%emt 0:03:24]} 24. Bxf5 {[%emt 0:03:56]} Rxf5 {[%emt 0:00:04]} 25. g4 {[%emt 0:00:46]} Rxf4 {[%emt 0:00:31]} 26. Bg3 {[%emt 0:00:06]} Rxg4 {[%emt 0:03:04]} 27. e6 {[%emt 0:01:11]} Nd4+ {[%emt 0:00:03]} 28. Kb1 {[%emt 0:00:28]} Nf5 {[%emt 0:02:18]} 29. Rc3 {[%emt 0:00:32]} Nxg3 {[%emt 0:00:31]} 30. hxg3 {[%emt 0:00:04]} Rc4 {[%emt 0:00:56]} 31. Re3 {[%emt 0:00:07]} Re7 {[%emt 0:00:15]} 32. Ka2 {[%emt 0:00:49]} Kg7 {[%emt 0:00:26]} 33. Rd2 {[%emt 0:00:07]} Rc6 {[%emt 0:00:54]} 34. Rde2 {[%emt 0:00:06]} Kf6 {[%emt 0:00:02]} 35. Rf2+ {[%emt 0:00:01]} Kg6 {[%emt 0:00:01]} 36. Rfe2 {[%emt 0:00:01]} Rc4 {[%emt 0:01:11]} 37. b3 {[%emt 0:00:07]} axb3+ {[%emt 0:00:11]} 38. Kxb3 {[%emt 0:00:06]} Rg4 {[%emt 0:00:16]} 39. Rc2 {[%emt 0:00:10]} h5 {[%emt 0:00:32]} 40. Rc5 {[%emt 0:35:16]} h4 {[%emt 0:00:13]} 41. gxh4 {[%emt 0:35:32]} gxh4 {[%emt 0:00:07]} 42. Rc2 {[%emt 0:00:20]} Kf5 {[%emt 0:02:09]} 43. Rc5+ {[%emt 0:00:30]} *

[Event "2nd Gujarat Open 2019"]
[Site "Ahmedabad, Gujarat"]
[Date "2019.09.23"]
[Round "3.32"]
[White "Manush Shah"]
[Black "Jain Adi"]
[Result "*"]
[WhiteElo "2352"]
[BlackElo "1675"]
[Annotator "NA"]
[PlyCount "40"]
[EventDate "2019.09.22"]
[EventCountry "IND"]
[SourceTitle "playchess.com"]
[Source "ChessBase"]
[SourceQuality "1"]
[TimeControl "5400+30"]

1. d4 {[%emt 0:00:17]} Nf6 {[%emt 0:00:00]} 2. Nf3 {[%emt 0:00:03]} e6 {[%emt 0:00:00]} 3. e3 {[%emt 0:00:07]} d5 {[%emt 0:00:00]} 4. c4 {[%emt 0:00:02]} Bb4+ {[%emt 0:00:22]} 5. Nbd2 {[%emt 0:00:30]} O-O {[%emt 1:32:08]} 6. a3 {[%emt 0:00:40]} Bxd2+ {[%emt 0:00:26]} 7. Qxd2 {[%emt 0:01:15]} b6 {[%emt 0:00:44]} 8. b3 {[%emt 0:01:38]} Bb7 {[%emt 0:00:09]} 9. Bb2 {[%emt 0:00:10]} Ne4 {[%emt 0:00:30]} 10. Qc2 {[%emt 0:00:26]} Nd7 {[%emt 0:01:22]} 11. Bd3 {[%emt 0:00:47]} f5 {[%emt 0:02:24]} 12. O-O {[%emt 0:01:44]} Rc8 {[%emt 0:05:09]} 13. Rac1 {[%emt 0:06:45]} c6 {[%emt 0:03:01]} 14. Qe2 {[%emt 0:02:25]} Qe7 {[%emt 0:06:05]} 15. Nd2 {[%emt 0:03:21]} e5 {[%emt 0:11:32]} 16. cxd5 {[%emt 0:03:38]} cxd5 {[%emt 0:01:11]} 17. Nf3 {[%emt 0:01:41]} exd4 {[%emt 0:06:58]} 18. Nxd4 {[%emt 0:02:27]} Ne5 {[%emt 0:10:58]} 19. Rc2 {[%emt 1:11:34]} Rc7 20. Rxc7 {[%emt 0:00:00]} Bc8 {[%emt 0:01:14]} *

[Event "2nd Gujarat Open 2019"]
[Site "Ahmedabad, Gujarat"]
[Date "2019.09.23"]
[Round "3.33"]
[White "Rahul Bharadwaj B"]
[Black "Srija, Seshadri"]
[Result "1/2-1/2"]
[WhiteElo "1843"]
[BlackElo "2270"]
[Annotator "NA"]
[PlyCount "50"]
[EventDate "2019.09.22"]
[EventCountry "IND"]
[SourceTitle "playchess.com"]
[Source "ChessBase"]
[SourceQuality "1"]
[TimeControl "5400+30"]

1. Nf3 {[%emt 0:00:00]} d5 {[%emt 0:00:00]} 2. g3 {[%emt 0:00:24]} Bg4 {[%emt 0:00:31]} 3. Bg2 {[%emt 0:01:15]} Nd7 {[%emt 0:00:35]} 4. h3 {[%emt 0:00:40]} Bh5 {[%emt 0:01:04]} 5. O-O {[%emt 0:01:39]} c6 {[%emt 0:01:02]} 6. d3 {[%emt 0:01:21]} e5 {[%emt 0:03:25]} 7. e4 {[%emt 0:01:19]} Ngf6 {[%emt 0:03:15]} 8. Qe1 {[%emt 0:02:42]} dxe4 {[%emt 0:03:32]} 9. dxe4 {[%emt 0:00:08]} Bd6 {[%emt 0:00:15]} 10. Nbd2 {[%emt 0:02:53]} O-O {[%emt 0:00:49]} 11. Nc4 {[%emt 0:00:21]} Bc7 {[%emt 0:00:19]} 12. Bg5 {[%emt 0:01:29]} h6 {[%emt 0:02:54]} 13. Bxf6 {[%emt 0:01:45]} Qxf6 {[%emt 0:00:06]} 14. Nh4 {[%emt 0:02:04]} Nc5 {[%emt 0:07:44]} 15. Nf5 {[%emt 0:05:04]} Ne6 {[%emt 0:02:12]} 16. Qb4 {[%emt 0:04:15]} g6 {[%emt 0:19:54]} 17. Nxh6+ {[%emt 0:10:27]} Kg7 {[%emt 0:00:02]} 18. g4 {[%emt 0:00:49]} Kxh6 {[%emt 0:01:25]} 19. gxh5 {[%emt 0:00:06]} gxh5 {[%emt 0:01:57]} 20. Kh1 {[%emt 0:01:30]} Nf4 {[%emt 0:03:32]} 21. Rg1 {[%emt 0:02:21]} Rg8 {[%emt 0:04:12]} 22. Ne3 {[%emt 0:02:09]} Bb6 {[%emt 0:05:18]} 23. Nf5+ {[%emt 0:00:57]} Kh7 {[%emt 0:00:06]} 24. Qe1 {[%emt 0:05:21]} Rg6 {[%emt 0:03:38]} 25. Rd1 {[%emt 0:01:36]} Rag8 {[%emt 0:16:19]} 1/2-1/2

[Event "2nd Gujarat Open 2019"]
[Site "Ahmedabad, Gujarat"]
[Date "2019.09.23"]
[Round "3.34"]
[White "Abu Sufian, Shakil"]
[Black "Shubham, Lakudkar"]
[Result "1-0"]
[WhiteElo "2255"]
[BlackElo "2023"]
[Annotator "NA"]
[PlyCount "91"]
[EventDate "2019.09.22"]
[EventCountry "IND"]
[SourceTitle "playchess.com"]
[Source "ChessBase"]
[SourceQuality "1"]
[TimeControl "5400+30"]

1. e4 {[%emt 0:00:00]} c5 {[%emt 0:00:00]} 2. Nf3 {[%emt 0:00:00]} d6 {[%emt 0:00:04]} 3. d4 {[%emt 0:00:00]} cxd4 {[%emt 0:00:16]} 4. Nxd4 {[%emt 0:00:00]} Nf6 {[%emt 0:00:22]} 5. Nc3 {[%emt 0:00:00]} a6 {[%emt 0:00:18]} 6. Bc4 {[%emt 0:00:04]} e6 {[%emt 0:05:40]} 7. Bb3 {[%emt 0:00:10]} Nbd7 {[%emt 0:02:08]} 8. Bg5 {[%emt 0:00:22]} Nc5 {[%emt 0:02:39]} 9. Qf3 {[%emt 0:00:34]} Be7 {[%emt 1:23:03]} 10. O-O-O {[%emt 0:00:18]} Qc7 {[%emt 0:00:00]} 11. Rhe1 {[%emt 0:00:36]} O-O {[%emt 0:00:00]} 12. Qg3 {[%emt 0:01:35]} Kh8 {[%emt 0:00:00]} 13. f4 {[%emt 0:00:21]} h6 {[%emt 0:00:00]} 14. Qh4 {[%emt 0:17:31]} Nxb3+ {[%emt 0:00:00]} 15. axb3 {[%emt 0:00:25]} Ng8 {[%emt 0:00:00]} 16. Bxe7 {[%emt 0:01:18]} Nxe7 {[%emt 0:00:00]} 17. g4 {[%emt 0:03:59]} e5 {[%emt 0:00:00]} 18. Nde2 {[%emt 0:08:54]} Kg8 {[%emt 0:00:00]} 19. g5 {[%emt 0:07:13]} hxg5 {[%emt 0:00:00]} 20. Qxg5 {[%emt 0:01:29]} f6 {[%emt 0:00:00]} 21. Qg3 {[%emt 0:01:31]} Kf7 {[%emt 0:00:00]} 22. f5 {[%emt 0:04:26]} Rg8 {[%emt 0:00:00]} 23. Nd5 {[%emt 0:04:12]} Nxd5 {[%emt 0:00:00]} 24. Rxd5 {[%emt 0:00:13]} g6 {[%emt 0:00:00]} 25. Rg1 {[%emt 0:01:12]} b5 {[%emt 0:00:00]} 26. fxg6+ {[%emt 0:03:25]} Ke7 {[%emt 0:00:00]} 27. Qh4 {[%emt 0:11:28]} Be6 {[%emt 0:00:00]} 28. Qh7+ {[%emt 0:00:54]} Kd8 {[%emt 0:00:00]} 29. Rxd6+ {[%emt 0:00:13]} Qxd6 {[%emt 0:00:00]} 30. Rd1 {[%emt 0:00:01]} Qxd1+ {[%emt 0:00:00]} 31. Kxd1 {[%emt 0:00:01]} Ke8 {[%emt 0:00:00]} 32. h4 {[%emt 0:00:46]} Rd8+ {[%emt 0:00:00]} 33. Ke1 {[%emt 0:00:17]} Rd7 {[%emt 0:00:00]} 34. Qh6 {[%emt 0:00:14]} Bg4 {[%emt 0:00:00]} 35. Nc3 {[%emt 0:03:38]} Be6 {[%emt 0:00:54]} 36. Nd5 {[%emt 0:01:05]} Bxd5 {[%emt 0:01:01]} 37. exd5 {[%emt 0:00:05]} Rf8 {[%emt 0:01:34]} 38. h5 {[%emt 0:02:22]} Rg8 {[%emt 0:01:44]} 39. c4 {[%emt 0:00:28]} bxc4 {[%emt 0:01:37]} 40. bxc4 {[%emt 0:00:02]} Rc7 {[%emt 0:00:11]} 41. d6 {[%emt 0:00:48]} Rcg7 {[%emt 0:00:14]} 42. Qd2 {[%emt 0:02:40]} Kd7 {[%emt 0:01:44]} 43. Qd5 {[%emt 0:00:19]} Rb8 {[%emt 0:00:12]} 44. c5 {[%emt 0:00:42]} Rxb2 {[%emt 0:00:14]} 45. c6+ {[%emt 0:00:10]} Kd8 {[%emt 0:00:35]} 46. Qa5+ {[%emt 0:00:22]} 1-0